[Event "POR-ch prel"]
[Site "Famalicao"]
[Date "2014.07.12"]
[Round "8"]
[White "Carvalho, Nuno Miguel"]
[Black "Oliveira, Maria Elisa Ramos"]
[Result "1-0"]
[WhiteElo "1453"]
[BlackElo "1086"]
[PlyCount "43"]
[EventDate "2014.07.06"]
[EventType "swiss"]
[EventRounds "9"]
[EventCountry "POR"]
[SourceTitle "EXT 2015"]
[Source "ChessBase"]
[SourceDate "2014.11.20"]
[SourceVersion "1"]
[SourceVersionDate "2014.11.20"]
[SourceQuality "1"]

1. e4 e5 2. Nf3 Nc6 3. Bb5 a6 4. Ba4 Nf6 5. 0-0 b5 6. Bb3 d6 7. h3 Nxe4 8. d4 Bd7 9. Re1 f5 10. dxe5 dxe5 11. Rxe4 fxe4 12. Bg5 Qc8 13. Qd5 Ne7 14. Nxe5 c6 15. Qf7+ Kd8 16. Nc3 Bf5 17. Rd1+ Kc7 18. Bxe7 Bxe7 19. Qxe7+ Kb8 20. g4 Bg6 21. Rd7 Be8 22. Rd8 1-0

[Event "POR-ch prel"]
[Site "Famalicao"]
[Date "2014.07.10"]
[Round "6"]
[White "Carvalho, Nuno Miguel"]
[Black "Pereira, Carlos Marco Carval"]
[Result "0-1"]
[WhiteElo "1453"]
[BlackElo "1604"]
[PlyCount "77"]
[EventDate "2014.07.06"]
[EventType "swiss"]
[EventRounds "9"]
[EventCountry "POR"]
[SourceTitle "EXT 2015"]
[Source "ChessBase"]
[SourceDate "2014.11.20"]
[SourceVersion "1"]
[SourceVersionDate "2014.11.20"]
[SourceQuality "1"]

1. e4 e6 2. d4 d5 3. e5 c5 4. c3 Nc6 5. Nf3 Bd7 6. Be2 Nge7 7. Na3 cxd4 8. cxd4 Nf5 9. Nc2 Qb6 10. 0-0 f6 11. exf6 gxf6 12. Bd3 Nd6 13. Re1 0-0-0 14. b3 Nb5 15. Bxb5 Qxb5 16. Bf4 h5 17. h4 Bg7 18. Rc1 Bh6 19. Qd2 Bxf4 20. Qxf4 Rdf8 21. Re3 Qa5 22. a3 Qc7 23. Qxc7+ Kxc7 24. Nce1 Kd6 25. Nd3 Rfg8 26. g3 Rg4 27. Nc5 Bc8 28. Rd3 Rhg8 29. Kf1 b6 30. Na4 Ba6 31. Rcd1 Bxd3+ 32. Rxd3 e5 33. dxe5+ Nxe5 34. Nxe5 fxe5 35. Nc3 d4 36. Nb5+ Kc5 37. a4 R8g7 38. Na3 e4 39. Rd1 0-1

[Event "POR-ch prel"]
[Site "Famalicao"]
[Date "2014.07.07"]
[Round "2"]
[White "Carvalho, Nuno Miguel"]
[Black "Sousa, Andre Ventura"]
[Result "0-1"]
[WhiteElo "1453"]
[BlackElo "2082"]
[PlyCount "68"]
[EventDate "2014.07.06"]
[EventType "swiss"]
[EventRounds "9"]
[EventCountry "POR"]
[SourceTitle "EXT 2015"]
[Source "ChessBase"]
[SourceDate "2014.11.20"]
[SourceVersion "1"]
[SourceVersionDate "2014.11.20"]
[SourceQuality "1"]

1. e4 c5 2. Nf3 d6 3. d4 cxd4 4. Nxd4 Nf6 5. Nc3 g6 6. Be2 Bg7 7. Be3 0-0 8. 0-0 Nc6 9. Nb3 a5 10. f4 a4 11. Nd4 a3 12. bxa3 Qa5 13. Qd3 Be6 14. Ncb5 Nxd4 15. Bxd4 Rfc8 16. c3 Bc4 17. Qf3 Bxb5 18. Bxb5 Qxb5 19. Rab1 Qc6 20. Rfe1 Nd7 21. Rb3 Nc5 22. Bxc5 Qxc5+ 23. Re3 Rxa3 24. Rxa3 Qxa3 25. e5 Qc1+ 26. Kf2 Qd2+ 27. Re2 Qxc3 28. Qxb7 Qd4+ 29. Re3 Rc3 30. Qf3 Qxe3+ 31. Qxe3 Rxe3 32. Kxe3 dxe5 33. fxe5 Bxe5 34. h3 f5 0-1